Administración de sitios y páginas Web con macromedia Dreamweaver 4 / (Record no. 116859)

MARC details
000 -CABECERA
campo de control de longitud fija 00903nam a2200217 a 4500
005 - FECHA Y HORA DE LA ÚLTIMA TRANSACCIÓN
campo de control 20210223125933.0
008 - ELEMENTOS DE LONGITUD FIJA--INFORMACIÓN GENERAL
campo de control de longitud fija 050523s2002 mx 000 0 spa d
020 ## - NÚMERO INTERNACIONAL NORMALIZADO PARA LIBROS
Número Internacional Estándar del Libro 9701507533
035 ## - NÚMERO DE CONTROL DEL SISTEMA
Número de control de sistema UPN01000144712
049 ## - COLECCIÓN
Colección CG
050 #4 - SIGNATURA TOPOGRÁFICA DE LA BIBLIOTECA DEL CONGRESO
Número de clasificación TK5105.8885 D7.4
Número de documento/Ítem P4.2
100 1# - ASIENTO PRINCIPAL--NOMBRE PERSONAL
Nombre de persona Pérez López, César
9 (RLIN) 29850
245 10 - MENCIÓN DE TÍTULO
Título Administración de sitios y páginas Web con macromedia Dreamweaver 4 /
Mención de responsabilidad, etc. César Pérez López.
260 ## - PUBLICACIÓN, DISTRIBUCIÓN, ETC.
Lugar de publicación, distribución, etc. México :
Nombre del editor, distribuidor, etc. Alfaomega :
-- Ra-Ma,
Fecha de publicación, distribución, etc. c2002.
300 ## - DESCRIPCIÓN FÍSICA
Extensión xvii, 544 p. :
Otras características físicas il. +
Material acompañante/anejo 1 CD-ROM ; 4 3/4 plg.
500 ## - NOTA GENERAL
Nota general El CD-ROM incluye una versión de demostración (trial) de los programas Macromedia Dreamweaver, Flash y Fireworks en idioma inglés. Solicítalo en el Departamento de Documentación
650 #4 - ASIENTO SECUNDARIO DE MATERIA - TERMINO TEMATICO
Término de materia o nombre geográfico como elemento de entrada DREAMWEAVER (ARCHIVO PARA COMPUTADORA)
9 (RLIN) 14225
650 #4 - ASIENTO SECUNDARIO DE MATERIA - TERMINO TEMATICO
Término de materia o nombre geográfico como elemento de entrada SITIOS WEB -
Subdivisión general PROGRAMAS DE AUTOR
650 #4 - ASIENTO SECUNDARIO DE MATERIA - TERMINO TEMATICO
Término de materia o nombre geográfico como elemento de entrada SITIOS WEB -
Subdivisión general DISEÑO
9 (RLIN) 7669
905 ## - TIPO DE MATERIAL
Tipo de material Libro
Holdings
Estado de retiro Estado de pérdida Fuente del sistema de clasificación o colocación Estado dañado No para préstamo Código de colección Localización permanente Ubicación/localización actual Ubicación en estantería Total de préstamos Clasificación Código de barras Fecha visto por última vez Número de copia Tipo de ítem Koha Fecha de adquisición Precio válido a partir de Nota pública
    Library of Congress Classification     Colección General Bib. Gregorio Torres Quintero Bib. Gregorio Torres Quintero Planta baja 3 TK5105.8885 D7.4 P4.2 239346 31/12/2020 1 Libro      
    Library of Congress Classification     Colección General Bib. Gregorio Torres Quintero Bib. Gregorio Torres Quintero Planta baja 1 TK5105.8885 D7.4 P4.2 258142 31/12/2020 1 Libro      
    Library of Congress Classification     Materiales complementarios y otros recursos electrónicos  Bib. Gregorio Torres Quintero Bib. Gregorio Torres Quintero Mostrador de préstamo Planta baja   TK5105.8885 D7.4 P4.2 337159 23/02/2024   Disco Compacto 23/02/2024 23/02/2024 Solicítalo en el mostrador de préstamo